000
00237nam a2200097 a 4500
005
20200930075638.0
008
120112s1958 000 spa d
245
0
_a
EspaƱa, potencia americana.
260
_a
Chile,
_c
1958.
999
_c
35768
_d
35768
040
_a
DO-SdBNP